Statistics for Countries With Footballers in the UCL Finals (2014-2018)

Click here to take the quiz!

General Stats

  • This quiz has been taken 425 times
    (346 since last reset)
  • The average score is 17 of 25

Answer Stats

#PlayersCountry% Correct
25Adrián López, Álvaro Morata, Andrés Iniesta, Dani Carvajal, David Villa, Diego Costa, Fernando Llorente, Fernando Torres, Gabi, Gerard Piqué, Iker Casillas, Isco, Jordi Alba, Juanfran, Koke, Lucas Hernández, Lucas Vázquez, Marco Asensio, Nacho, Pedro, Raúl García, Saúl, Sergio Busquets, Sergio Ramos & XaviSpain
98%
9Ángel Di María, Augusto Fernández, Carlos Tevez, Gonzalo Higuaín, Javier Mascherano, José Sosa, Lionel Messi, Paulo Dybala & Roberto PereyraArgentina
96%
7Antoine Griezmann, Jérémy Mathieu, Karim Benzema, Kingsley Coman, Patrice Evra, Paul Pogba & Raphaël VaraneFrance
96%
5Emre Can, Loris Karius, Marc-André ter Stegen, Sami Khedira & Toni KroosGermany
95%
9Alex Sandro, Casemiro, Danilo, Dani Alves, Filipe Luís, Marcelo, Miranda, Neymar & Roberto FirminoBrazil
95%
6Andrea Barzagli, Andrea Pirlo, Claudio Marchisio, Gianluigi Buffon, Giorgio Chiellini & Leonardo BonucciItaly
94%
3Cristiano Ronaldo, Fábio Coentrão & PepePortugal
94%
4Adam Lallana, James Milner, Jordan Henderson & Trent Alexander-ArnoldEngland
92%
2Georginio Wijnaldum & Virgil van DijkNetherlands
87%
4Dejan Lovren, Ivan Rakitić, Luka Modric & Mario MandžukićCroatia
83%
3Thibaut Courtois, Toby Alderweireld & Yannick CarrascoBelgium
83%
2Diego Godín & Luis SuárezUruguay
79%
1Mohamed SalahEgypt
70%
1Gareth BaleWales
69%
1Juan CuadradoColombia
69%
1Sadio ManéSenegal
68%
1Arturo VidalChile
67%
1Andrew RobertsonScotland
61%
1Stephan LichtsteinerSwitzerland
52%
1Jan OblakSlovenia
42%
1ThomasGhana
40%
1Miralem PjanićBosnia and Herzegovina
39%
1Keylor NavasCosta Rica
39%
1Stefan SavićMontenegro
17%
1Mario LeminaGabon
10%

Score Distribution

Percentile by Number Answered

Percent of People with Each Score

Your Score History

You have not taken this quiz since the last reset